Southville International School and Colleges
Your cart is empty.
  • Cart
  • Lists
    Public lists Eva Luna New books Lux_list list_1
    Your lists Log in to create your own lists
  • Log in to your account
  • Your cookies
  • Search history
Southville International School and Colleges
  • Advanced search
  • Recent comments
  • Most popular
  • Libraries

Log in to your account

Log in with GOOGLE


If you do not have an external account, but do have a local account, you can still log in:

  1. Home
  2. MARC view: Principles of marketing /
Normal view MARC view ISBD view

Principles of marketing / (Record no. 293316)

[ view plain ]
MARC details
000 -LEADER
fixed length control field 00512nam a2200205Ia 4500
008 - FIXED-LENGTH DATA ELEMENTS--GENERAL INFORMATION
fixed length control field 160404s9999 xx 000 0 und d
020 ## - INTERNATIONAL STANDARD BOOK NUMBER
International Standard Book Number 978-97127-2157-1
050 ## - LIBRARY OF CONGRESS CALL NUMBER
Classification number FIL HF 5415
050 ## - LIBRARY OF CONGRESS CALL NUMBER
Item number .A23 2009
100 ## - MAIN ENTRY--PERSONAL NAME
Personal name Ac-Ac, Maria Victoria M.
245 ## - TITLE STATEMENT
Title Principles of marketing /
245 ## - TITLE STATEMENT
Statement of responsibility, etc Maria Victoria M. Ac-Ac
260 ## - PUBLICATION, DISTRIBUTION, ETC. (IMPRINT)
Place of publication, distribution, etc Pasig City:
260 ## - PUBLICATION, DISTRIBUTION, ETC. (IMPRINT)
Name of publisher, distributor, etc Anvil Pub. Inc.,
260 ## - PUBLICATION, DISTRIBUTION, ETC. (IMPRINT)
Date of publication, distribution, etc 2009
300 ## - PHYSICAL DESCRIPTION
Extent 285 pages :
300 ## - PHYSICAL DESCRIPTION
Other physical details illustrations ;
300 ## - PHYSICAL DESCRIPTION
Dimensions 25 cm.
650 ## - SUBJECT ADDED ENTRY--TOPICAL TERM
Topical term or geographic name as entry element Marketing.
Holdings
Withdrawn status Lost status Damaged status Home library Current library Shelving location Date acquired Cost, normal purchase price Total Checkouts Full call number Barcode Date last seen Date checked out Price effective from Koha item type
      South Mansfield College South Mansfield College Filipiniana Section 02/14/2011 295.00 1 FIL HF 5415 .A23 2009 SMC05489 07/02/2018 07/02/2018 04/04/2016  

Principles of marketing /

APA

Ac-Ac M. V. M., .Principles of marketing. Pasig City: .

Chicago

Ac-Ac Maria Victoria M, .Principles of marketing. Pasig City: .

Harvard

Ac-Ac M. V. M., .Principles of marketing. Pasig City: .

MLA

Ac-Ac Maria Victoria M, .Pasig City: . .

  • Place hold
  • Print
  • Cite
  • Add to your cart (remove)
  • Save record
    BIBTEX Dublin Core MARCXML MARC (non-Unicode/MARC-8) MARC (Unicode/UTF-8) MARC (Unicode/UTF-8, Standard) MODS (XML) RIS
  • More searches
    Search for this title in:
    Other Libraries (WorldCat) Other Databases (Google Scholar) Online Stores (Bookfinder.com) Open Library (openlibrary.org)

Exporting to Dublin Core...

SOUTHVILLE LIBRARY

Southville International School and Colleges Library

1281 Tropical Ave. Cor. Luxembourg St., BF Homes International, Las Pinas City

Tel. No. 8256374 / 252358 Loc. 117/146

Powered by Koha